00250nam a22000857a 4500100002400000245009400024260002600118300000700144650001300151 aHunukumbura,R.M.J.s aExtraction of Mango Seed Oil and Utilization of Mango seed as a substitiute for Olive Oil aColombobIchemcc2011 a40 aseed oil